<?xml version="1.0" encoding="UTF-8"?>
<record
    xmlns:xsi="http://www.w3.org/2001/XMLSchema-instance"
    xsi:schemaLocation="http://www.loc.gov/MARC21/slim http://www.loc.gov/standards/marcxml/schema/MARC21slim.xsd"
    xmlns="http://www.loc.gov/MARC21/slim">

  <leader>00347nam a2200145Ia 4500</leader>
  <controlfield tag="008">191201s1998    xx            000 0 und d</controlfield>
  <datafield tag="082" ind1=" " ind2=" ">
    <subfield code="a">004.22</subfield>
    <subfield code="b">HAC</subfield>
  </datafield>
  <datafield tag="100" ind1=" " ind2=" ">
    <subfield code="a">HAYES,John P</subfield>
  </datafield>
  <datafield tag="245" ind1=" " ind2="0">
    <subfield code="a">Computer Architecture and Organigation</subfield>
  </datafield>
  <datafield tag="250" ind1=" " ind2=" ">
    <subfield code="a">3rd</subfield>
  </datafield>
  <datafield tag="260" ind1=" " ind2=" ">
    <subfield code="a">N.Delhi</subfield>
    <subfield code="b">MGH</subfield>
    <subfield code="c">1998</subfield>
  </datafield>
  <datafield tag="300" ind1=" " ind2=" ">
    <subfield code="a">604</subfield>
  </datafield>
  <datafield tag="650" ind1=" " ind2=" ">
    <subfield code="a">B.Tech(IT)</subfield>
  </datafield>
  <datafield tag="942" ind1=" " ind2=" ">
    <subfield code="2">ddc</subfield>
    <subfield code="c">BK</subfield>
    <subfield code="0">5</subfield>
  </datafield>
  <datafield tag="999" ind1=" " ind2=" ">
    <subfield code="c">4253</subfield>
    <subfield code="d">4253</subfield>
  </datafield>
  <datafield tag="952" ind1=" " ind2=" ">
    <subfield code="0">0</subfield>
    <subfield code="1">0</subfield>
    <subfield code="2">ddc</subfield>
    <subfield code="4">0</subfield>
    <subfield code="7">0</subfield>
    <subfield code="8">BTECHIT</subfield>
    <subfield code="a">PIET</subfield>
    <subfield code="b">PIET</subfield>
    <subfield code="d">2010-01-11</subfield>
    <subfield code="e">J B C, New Delhi</subfield>
    <subfield code="g">9.50</subfield>
    <subfield code="k">SI-3976</subfield>
    <subfield code="l">0</subfield>
    <subfield code="o">004.22 HAC</subfield>
    <subfield code="p">14279</subfield>
    <subfield code="r">2019-12-04 00:00:00</subfield>
    <subfield code="w">2009-12-29</subfield>
    <subfield code="y">BK</subfield>
  </datafield>
  <datafield tag="952" ind1=" " ind2=" ">
    <subfield code="0">0</subfield>
    <subfield code="1">0</subfield>
    <subfield code="2">ddc</subfield>
    <subfield code="4">0</subfield>
    <subfield code="7">0</subfield>
    <subfield code="8">BTECHIT</subfield>
    <subfield code="a">PIET</subfield>
    <subfield code="b">PIET</subfield>
    <subfield code="d">2010-01-11</subfield>
    <subfield code="e">J B C, New Delhi</subfield>
    <subfield code="g">9.50</subfield>
    <subfield code="k">SI-3976</subfield>
    <subfield code="l">1</subfield>
    <subfield code="o">004.22 HAC</subfield>
    <subfield code="p">14280</subfield>
    <subfield code="r">2023-10-19 00:00:00</subfield>
    <subfield code="s">2023-09-08</subfield>
    <subfield code="w">2009-12-29</subfield>
    <subfield code="y">BK</subfield>
  </datafield>
  <datafield tag="952" ind1=" " ind2=" ">
    <subfield code="0">0</subfield>
    <subfield code="1">0</subfield>
    <subfield code="2">ddc</subfield>
    <subfield code="4">0</subfield>
    <subfield code="7">0</subfield>
    <subfield code="8">BTECHIT</subfield>
    <subfield code="a">PIET</subfield>
    <subfield code="b">PIET</subfield>
    <subfield code="d">2010-01-11</subfield>
    <subfield code="e">J B C, New Delhi</subfield>
    <subfield code="g">9.50</subfield>
    <subfield code="k">SI-3976</subfield>
    <subfield code="l">2</subfield>
    <subfield code="o">004.22 HAC</subfield>
    <subfield code="p">14281</subfield>
    <subfield code="r">2025-11-14 00:00:00</subfield>
    <subfield code="s">2025-10-30</subfield>
    <subfield code="w">2009-12-29</subfield>
    <subfield code="y">BK</subfield>
  </datafield>
  <datafield tag="952" ind1=" " ind2=" ">
    <subfield code="0">0</subfield>
    <subfield code="1">0</subfield>
    <subfield code="2">ddc</subfield>
    <subfield code="4">0</subfield>
    <subfield code="7">0</subfield>
    <subfield code="8">BTECHIT</subfield>
    <subfield code="a">PIET</subfield>
    <subfield code="b">PIET</subfield>
    <subfield code="d">2010-01-21</subfield>
    <subfield code="e">J B C, New Delhi</subfield>
    <subfield code="g">9.50</subfield>
    <subfield code="k">SI-4225</subfield>
    <subfield code="l">2</subfield>
    <subfield code="o">004.22 HAC</subfield>
    <subfield code="p">14583</subfield>
    <subfield code="r">2022-10-12 00:00:00</subfield>
    <subfield code="s">2022-09-28</subfield>
    <subfield code="w">2010-01-18</subfield>
    <subfield code="y">BK</subfield>
  </datafield>
  <datafield tag="952" ind1=" " ind2=" ">
    <subfield code="0">0</subfield>
    <subfield code="1">0</subfield>
    <subfield code="2">ddc</subfield>
    <subfield code="4">0</subfield>
    <subfield code="7">0</subfield>
    <subfield code="8">BTECHIT</subfield>
    <subfield code="a">PIET</subfield>
    <subfield code="b">PIET</subfield>
    <subfield code="d">2010-01-21</subfield>
    <subfield code="e">J B C, New Delhi</subfield>
    <subfield code="g">9.50</subfield>
    <subfield code="k">SI-4225</subfield>
    <subfield code="l">1</subfield>
    <subfield code="o">004.22 HAC</subfield>
    <subfield code="p">14584</subfield>
    <subfield code="r">2021-12-27 00:00:00</subfield>
    <subfield code="s">2021-12-13</subfield>
    <subfield code="w">2010-01-18</subfield>
    <subfield code="y">BK</subfield>
  </datafield>
  <datafield tag="952" ind1=" " ind2=" ">
    <subfield code="0">0</subfield>
    <subfield code="1">0</subfield>
    <subfield code="2">ddc</subfield>
    <subfield code="4">0</subfield>
    <subfield code="7">0</subfield>
    <subfield code="8">BTECHCSE</subfield>
    <subfield code="a">PIET</subfield>
    <subfield code="b">PIET</subfield>
    <subfield code="d">2012-07-05</subfield>
    <subfield code="e">IBH, New Delhi</subfield>
    <subfield code="g">595.00</subfield>
    <subfield code="k">4865</subfield>
    <subfield code="l">2</subfield>
    <subfield code="o">004.22 HAC</subfield>
    <subfield code="p">19435</subfield>
    <subfield code="r">2023-08-17 00:00:00</subfield>
    <subfield code="s">2023-07-27</subfield>
    <subfield code="w">2012-07-03</subfield>
    <subfield code="y">BK</subfield>
  </datafield>
  <datafield tag="952" ind1=" " ind2=" ">
    <subfield code="0">0</subfield>
    <subfield code="1">0</subfield>
    <subfield code="2">ddc</subfield>
    <subfield code="4">0</subfield>
    <subfield code="7">0</subfield>
    <subfield code="8">BTECHCSE</subfield>
    <subfield code="a">PIET</subfield>
    <subfield code="b">PIET</subfield>
    <subfield code="d">2012-07-05</subfield>
    <subfield code="e">IBH, New Delhi</subfield>
    <subfield code="g">595.00</subfield>
    <subfield code="k">4865</subfield>
    <subfield code="l">1</subfield>
    <subfield code="o">004.22 HAC</subfield>
    <subfield code="p">19436</subfield>
    <subfield code="r">2023-12-06 00:00:00</subfield>
    <subfield code="s">2023-11-21</subfield>
    <subfield code="w">2012-07-03</subfield>
    <subfield code="y">BK</subfield>
  </datafield>
  <datafield tag="952" ind1=" " ind2=" ">
    <subfield code="0">0</subfield>
    <subfield code="1">0</subfield>
    <subfield code="2">ddc</subfield>
    <subfield code="4">0</subfield>
    <subfield code="7">0</subfield>
    <subfield code="8">BTECHCSE</subfield>
    <subfield code="a">PIET</subfield>
    <subfield code="b">PIET</subfield>
    <subfield code="d">2012-07-05</subfield>
    <subfield code="e">IBH, New Delhi</subfield>
    <subfield code="g">595.00</subfield>
    <subfield code="k">4865</subfield>
    <subfield code="l">0</subfield>
    <subfield code="o">004.22 HAC</subfield>
    <subfield code="p">19437</subfield>
    <subfield code="r">2019-12-04 00:00:00</subfield>
    <subfield code="w">2012-07-03</subfield>
    <subfield code="y">BK</subfield>
  </datafield>
  <datafield tag="952" ind1=" " ind2=" ">
    <subfield code="0">0</subfield>
    <subfield code="1">0</subfield>
    <subfield code="2">ddc</subfield>
    <subfield code="4">0</subfield>
    <subfield code="7">0</subfield>
    <subfield code="8">BTECHCSE</subfield>
    <subfield code="a">PIET</subfield>
    <subfield code="b">PIET</subfield>
    <subfield code="d">2012-07-05</subfield>
    <subfield code="e">IBH, New Delhi</subfield>
    <subfield code="g">595.00</subfield>
    <subfield code="k">4865</subfield>
    <subfield code="l">1</subfield>
    <subfield code="o">004.22 HAC</subfield>
    <subfield code="p">19438</subfield>
    <subfield code="r">2023-11-06 00:00:00</subfield>
    <subfield code="s">2023-10-17</subfield>
    <subfield code="w">2012-07-03</subfield>
    <subfield code="y">BK</subfield>
  </datafield>
  <datafield tag="952" ind1=" " ind2=" ">
    <subfield code="0">0</subfield>
    <subfield code="1">0</subfield>
    <subfield code="2">ddc</subfield>
    <subfield code="4">0</subfield>
    <subfield code="7">0</subfield>
    <subfield code="8">BTECHCSE</subfield>
    <subfield code="a">PIET</subfield>
    <subfield code="b">PIET</subfield>
    <subfield code="d">2012-07-05</subfield>
    <subfield code="e">IBH, New Delhi</subfield>
    <subfield code="g">595.00</subfield>
    <subfield code="k">4865</subfield>
    <subfield code="l">0</subfield>
    <subfield code="o">004.22 HAC</subfield>
    <subfield code="p">19439</subfield>
    <subfield code="r">2019-12-04 00:00:00</subfield>
    <subfield code="w">2012-07-03</subfield>
    <subfield code="y">BK</subfield>
  </datafield>
</record>
